000 00788nam a22002417a 4500
003 UA-OsUOA
001 75492
007 ta
008 20110525b un ||||| |||| 00| 0 ukr d
100 _aБезпаленко А.
090 _a821.161.2-31
_bБ40
942 _cBK
040 _aUA-OsUOA
_bukr
_cUA-OsUOA
_dUA-OsUOA
245 _aПояснювальні записки "ушибленого общими вопросами"
_bзбірник текстів для позакласного читання
300 _a138 с.
955 _a2
041 _aukr
080 _a821.161.2-31
020 _a966-594-898-9
260 _aК.
_bВПЦ "Київський ун-т"
_c2007
650 7 _a82 Література. Літературознавство
_2UDC
999 _c361786
_d361786